000 00485nam a22001817a 4500
003 NUST - PNEC
005 20170116181044.0
008 150923b xxu||||| |||| 00| 0 eng d
020 _a-
040 _cLIBRARY
082 _a621.382 STR
100 _911652
_aStremler, Ferrel G.
245 _aIntroduction to communication systems
_cFerrel G. Stremler
250 _aThird Edition
260 _ac.1990
650 _911655
_aSignal theory (Telecommunication)
_xMIS
942 _2ddc
_cBK
999 _c68169
_d68169